Dochádzka a odchádzka do zamestnania, škôl a učenia výsledky sčítania ľudu, domov a bytov 1991
Salvato in:
| Natura: | Libro |
|---|---|
| Lingua: | slovacco |
| Pubblicazione: |
Bratislava
Štatistický úrad Slovenskej republiky
1994
|
| Soggetti: | |
| Tags: |
Nessun Tag, puoi essere il primo ad aggiungerne!!
|
MARC
| LEADER | 00000nam$a2200000$$$4500 | ||
|---|---|---|---|
| 001 | 0024837 | ||
| 005 | 20251008083104.8 | ||
| 041 | 0 | |a slo | |
| 044 | |a SK | ||
| 245 | 1 | 0 | |a Dochádzka a odchádzka do zamestnania, škôl a učenia |b výsledky sčítania ľudu, domov a bytov 1991 |
| 264 | 1 | |a Bratislava |b Štatistický úrad Slovenskej republiky |c 1994 | |
| 300 | |a 79 s. | ||
| 610 | 2 | 0 | |a dochádzka do práce |
| 610 | 2 | 0 | |a dochádzka školská povinná |
| 610 | 2 | 0 | |a byty |
| 610 | 2 | 0 | |a Slovensko |
| 610 | 2 | 0 | |a 1991 |